[Event "Wiesbaden op 26th"]
[Site "Wiesbaden"]
[Date "2014.08.30"]
[Round "4"]
[White "Stimpel, Franz"]
[Black "Hipler, Andreas"]
[Result "1-0"]
[WhiteElo "2124"]
[BlackElo "1872"]
[PlyCount "43"]
[EventDate "2014.08.28"]
[EventType "swiss"]
[EventRounds "7"]
[EventCountry "GER"]
[SourceTitle "CBM 162 Extra"]
[Source "ChessBase"]
[SourceDate "2014.10.17"]
[SourceVersion "1"]
[SourceVersionDate "2014.10.17"]
[SourceQuality "1"]

1. d4 Nf6 2. c4 e6 3. Nc3 Bb4 4. Qc2 b6 5. e4 Bxc3+ 6. bxc3 d6 7. e5 dxe5 8. dxe5 Nfd7 9. Qe4 c6 10. Ba3 Qc7 11. Bd6 Qb7 12. Qg4 g6 13. Rd1 c5 14. Be2 Qa6 15. Qh4 f6 16. exf6 Kf7 17. Nf3 Nxf6 18. Ne5+ Kg7 19. Ng4 Nbd7 20. Be5 Rf8 21. Rxd7+ Bxd7 22. Nxf6 1-0

[Event "Wiesbaden op 26th"]
[Site "Wiesbaden"]
[Date "2014.08.29"]
[Round "2"]
[White "Stimpel, Franz"]
[Black "Froembgen, Andreas"]
[Result "0-1"]
[WhiteElo "2124"]
[BlackElo "1953"]
[PlyCount "76"]
[EventDate "2014.08.28"]
[EventType "swiss"]
[EventRounds "7"]
[EventCountry "GER"]
[SourceTitle "CBM 162 Extra"]
[Source "ChessBase"]
[SourceDate "2014.10.17"]
[SourceVersion "1"]
[SourceVersionDate "2014.10.17"]
[SourceQuality "1"]

1. d4 Nf6 2. c4 g6 3. Nc3 Bg7 4. e4 d6 5. Be2 0-0 6. Bg5 Nbd7 7. Qd2 c5 8. d5 a6 9. Nf3 Qa5 10. 0-0 Rb8 11. a4 Qd8 12. h3 Ne8 13. Rfe1 Ndf6 14. Rad1 Nc7 15. Bf1 Nfe8 16. Bh6 f6 17. Bxg7 Kxg7 18. Nh2 Bd7 19. f4 b5 20. axb5 axb5 21. b3 b4 22. Ne2 e5 23. dxe6 Nxe6 24. f5 Ng5 25. Ng3 Nf7 26. Ng4 Qc7 27. Qf4 g5 28. Nh5+ Kh8 29. Qd2 Qd8 30. Qb2 Ne5 31. Nxe5 fxe5 32. Rxd6 Qe7 33. Red1 Nxd6 34. f6 Rxf6 35. Nxf6 Qxf6 36. Rd5 Bc6 37. Rxc5 Bxe4 38. Rxe5 Rf8 0-1

[Event "Hessen-ch Seniors op 10th"]
[Site "Bad Sooden-Allendorf"]
[Date "2014.05.02"]
[Round "7"]
[White "Gebuhr, Guenter"]
[Black "Stimpel, Franz"]
[Result "0-1"]
[WhiteElo "1980"]
[BlackElo "2128"]
[PlyCount "53"]
[EventDate "2014.04.26"]
[EventType "swiss"]
[EventRounds "9"]
[EventCountry "GER"]
[SourceTitle "EXT 2018"]
[Source "ChessBase"]
[SourceDate "2017.10.13"]
[SourceVersion "1"]
[SourceVersionDate "2017.10.13"]
[SourceQuality "1"]

1. e4 e6 2. d4 d5 3. Nc3 Bb4 4. e5 Ne7 5. a3 Bxc3+ 6. bxc3 c5 7. Qg4 0-0 8. Nf3 Nbc6 9. Bd3 f5 10. Qh3 Qb6 11. Bg5 c4 12. Be2 Qb2 13. Kd2 Qb6 14. g4 Bd7 15. Rhg1 Ng6 16. Nh4 f4 17. Nxg6 hxg6 18. Qf3 Nxd4 19. cxd4 Qxd4+ 20. Bd3 cxd3 21. Qxd3 Qxf2+ 22. Kc3 Rac8+ 23. Kb2 Qb6+ 24. Ka2 Bb5 25. Rab1 Bxd3 26. Rxb6 axb6 27. cxd3 0-1

[Event "Hessen-ch Seniors op 10th"]
[Site "Bad Sooden-Allendorf"]
[Date "2014.04.27"]
[Round "2"]
[White "Blosze, Winfried"]
[Black "Stimpel, Franz"]
[Result "0-1"]
[WhiteElo "1857"]
[BlackElo "2128"]
[PlyCount "82"]
[EventDate "2014.04.26"]
[EventType "swiss"]
[EventRounds "9"]
[EventCountry "GER"]
[SourceTitle "EXT 2018"]
[Source "ChessBase"]
[SourceDate "2017.10.13"]
[SourceVersion "1"]
[SourceVersionDate "2017.10.13"]
[SourceQuality "1"]

1. e4 e6 2. d4 d5 3. exd5 exd5 4. Bd3 Nc6 5. Ne2 Nb4 6. Bb5+ c6 7. Ba4 Bd6 8. a3 Na6 9. Nbc3 Ne7 10. Bf4 0-0 11. Bxd6 Qxd6 12. Qd2 Re8 13. 0-0 Bf5 14. Ng3 Bg6 15. Rae1 Rab8 16. Nce2 b5 17. Bb3 c5 18. c3 c4 19. Bc2 Nc7 20. Bxg6 hxg6 21. Nc1 a5 22. Re2 Ne6 23. Rfe1 Kf8 24. Nf1 b4 25. axb4 axb4 26. Na2 bxc3 27. bxc3 Nf4 28. Re3 Nd3 29. R1e2 Qa3 30. Nb4 Nxb4 31. cxb4 Qxb4 32. Qd1 Qb6 33. Qe1 Rb7 34. Rh3 f6 35. Re6 Qxd4 36. Rh8+ Kf7 37. Rh3 Rd8 38. Ra6 Qg4 39. Rg3 Qd7 40. Ne3 Nf5 41. Nxf5 Qxf5 0-1

[Event "Wiesbaden op 25th"]
[Site "Wiesbaden"]
[Date "2013.08.25"]
[Round "7"]
[White "Cichy, Michael"]
[Black "Stimpel, Franz"]
[Result "1/2-1/2"]
[WhiteElo "1984"]
[BlackElo "2152"]
[PlyCount "50"]
[EventDate "2013.08.22"]
[EventType "swiss"]
[EventRounds "7"]
[EventCountry "GER"]
[SourceTitle "CBM 156 Extra"]
[Source "ChessBase"]
[SourceDate "2013.10.22"]
[SourceVersion "1"]
[SourceVersionDate "2013.10.22"]
[SourceQuality "1"]

1. d4 Nf6 2. Nf3 d6 3. c4 Nbd7 4. Nc3 g6 5. e4 e5 6. Be2 Bg7 7. 0-0 0-0 8. Be3 Ng4 9. Bg5 f6 10. Bh4 Nh6 11. h3 c6 12. dxe5 dxe5 13. b4 Qe7 14. Qb3 Kh8 15. Rad1 Re8 16. Nd2 Nf8 17. c5 Ne6 18. Bc4 Nd4 19. Qb2 Be6 20. Ne2 Red8 21. f3 Nf7 22. Bf2 Nxe2+ 23. Bxe2 Rd7 24. Nc4 Rad8 25. Qc2 Bh6 1/2-1/2

[Event "Wiesbaden op 25th"]
[Site "Wiesbaden"]
[Date "2013.08.23"]
[Round "3"]
[White "Osswald, Luis Monty"]
[Black "Stimpel, Franz"]
[Result "1-0"]
[WhiteElo "1965"]
[BlackElo "2175"]
[PlyCount "63"]
[EventDate "2013.08.22"]
[EventType "swiss"]
[EventRounds "7"]
[EventCountry "GER"]
[SourceTitle "EXT 2014"]
[Source "ChessBase"]
[SourceDate "2013.11.20"]
[SourceVersion "1"]
[SourceVersionDate "2013.11.20"]
[SourceQuality "1"]

1. e4 e6 2. Nf3 d5 3. Nc3 Nf6 4. e5 Ne4 5. Ne2 Bc5 6. d4 Be7 7. h4 c5 8. g3 Nc6 9. Bg2 Qc7 10. c3 cxd4 11. cxd4 Bb4+ 12. Kf1 f6 13. exf6 Nxf6 14. Nf4 0-0 15. Bh3 Re8 16. Kg2 Qd6 17. Nd3 Ba5 18. Bf4 Qf8 19. a3 Bb6 20. Be5 Ne4 21. Qe2 Bd7 22. Rad1 Rac8 23. Nf4 Bc7 24. Nxd5 Bxe5 25. dxe5 Nc5 26. Nf4 Nb8 27. b4 Na4 28. Rxd7 Nxd7 29. Bxe6+ Rxe6 30. Nxe6 Qf7 31. Nf4 Nc3 32. Qe3 1-0

[Event "Hessen-ch Seniors op 09th"]
[Site "Bad Sooden-Allendorf"]
[Date "2013.04.21"]
[Round "2"]
[White "Stimpel, Franz"]
[Black "Rehder, Frank"]
[Result "1-0"]
[WhiteElo "2173"]
[BlackElo "1886"]
[PlyCount "47"]
[EventDate "2013.04.20"]
[EventType "swiss"]
[EventRounds "9"]
[EventCountry "GER"]
[SourceTitle "EXT 2019"]
[Source "ChessBase"]
[SourceDate "2018.10.10"]
[SourceVersion "1"]
[SourceVersionDate "2018.10.10"]
[SourceQuality "1"]

1. d4 Nf6 2. c4 d6 3. Nc3 g6 4. e4 Bg7 5. Be2 0-0 6. Bg5 h6 7. Be3 Nbd7 8. Qd2 Kh7 9. h4 e5 10. h5 g5 11. d5 Nc5 12. f3 a5 13. g4 Nfd7 14. Nh3 f6 15. Nf2 b6 16. 0-0 Nb8 17. Nh1 Rf7 18. Ng3 Nba6 19. Rfb1 Bd7 20. b3 Bf8 21. a3 Bc8 22. b4 axb4 23. axb4 Nd7 24. b5 1-0

[Event "Hessen-ch Seniors op 07th"]
[Site "Bad Sooden-Allendorf"]
[Date "2011.05.08"]
[Round "9"]
[White "Stimpel, Franz"]
[Black "Zunker, Reinhard"]
[Result "1/2-1/2"]
[WhiteElo "2025"]
[BlackElo "2044"]
[PlyCount "47"]
[EventDate "2011.04.30"]
[EventType "swiss"]
[EventRounds "9"]
[EventCountry "GER"]
[SourceTitle "EXT 2012"]
[Source "ChessBase"]
[SourceDate "2011.11.24"]
[SourceVersion "1"]
[SourceVersionDate "2011.11.24"]
[SourceQuality "1"]

1. d4 Nf6 2. c4 g6 3. Nc3 Bg7 4. e4 d6 5. Be2 0-0 6. Bg5 Na6 7. Qd2 c6 8. Nf3 Nc7 9. 0-0 d5 10. Bxf6 exf6 11. exd5 cxd5 12. c5 f5 13. Rfd1 h6 14. b4 Ne6 15. a4 g5 16. Nb5 g4 17. Ne5 a5 18. Nd6 Ng5 19. f3 axb4 20. Qxb4 gxf3 21. Bxf3 Ne4 22. Bxe4 fxe4 23. Qb3 Be6 24. a5 1/2-1/2

[Event "Hessen-ch Seniors op 07th"]
[Site "Bad Sooden-Allendorf"]
[Date "2011.05.01"]
[Round "2"]
[White "Merettig, Georg"]
[Black "Stimpel, Franz"]
[Result "1/2-1/2"]
[WhiteElo "1734"]
[BlackElo "2025"]
[PlyCount "80"]
[EventDate "2011.04.30"]
[EventType "swiss"]
[EventRounds "9"]
[EventCountry "GER"]
[SourceTitle "EXT 2012"]
[Source "ChessBase"]
[SourceDate "2011.11.24"]
[SourceVersion "1"]
[SourceVersionDate "2011.11.24"]
[SourceQuality "1"]

1. Nc3 d5 2. e4 e6 3. b3 Nf6 4. e5 Nfd7 5. f4 b6 6. d4 Bb4 7. Bd2 0-0 8. a3 Bxc3 9. Bxc3 c5 10. Nf3 Qc7 11. Bd3 g6 12. 0-0 Ba6 13. Ng5 Re8 14. f5 exf5 15. g4 cxd4 16. Bxd4 Bxd3 17. cxd3 Qd8 18. Qd2 Nc6 19. Bb2 Ndxe5 20. gxf5 h6 21. Nxf7 Nxf7 22. fxg6 Qg5+ 23. Qxg5 Nxg5 24. Rf6 Re2 25. Bc3 Rae8 26. h4 Nh3+ 27. Kh1 d4 28. Bb4 Nxb4 29. axb4 R2e6 30. Rf3 Re3 31. Rf7 R8e6 32. h5 R6e5 33. Raxa7 Ng5 34. Rg7+ Kf8 35. Rh7 Kg8 36. Ra8+ Re8 37. Rxe8+ Rxe8 38. Rb7 Re6 39. Rd7 Nf3 40. Rd8+ Kg7 1/2-1/2

[Event "Hessen-ch Seniors op 05th"]
[Site "Bad Sooden-Allendorf"]
[Date "2009.04.26"]
[Round "2"]
[White "Stimpel, Franz"]
[Black "Gudat, Alfons"]
[Result "1-0"]
[WhiteElo "2118"]
[BlackElo "1844"]
[PlyCount "37"]
[EventDate "2009.04.25"]
[EventType "swiss"]
[EventRounds "9"]
[EventCountry "GER"]
[SourceTitle "EXT 2022"]
[Source "ChessBase"]
[SourceDate "2021.10.06"]
[SourceVersion "1"]
[SourceVersionDate "2021.10.06"]
[SourceQuality "1"]

1. d4 Nf6 2. c4 c5 3. d5 b5 4. cxb5 a6 5. f3 g6 6. e4 d6 7. Na3 Bg7 8. Ne2 0-0 9. Nc3 e6 10. Bc4 exd5 11. Nxd5 Bb7 12. Nc3 Nh5 13. Be3 Be5 14. g3 Qf6 15. 0-0 Bxc3 16. bxc3 Qxc3 17. Qb3 Qxb3 18. axb3 Nd7 19. Rad1 1-0

[Event "Hessen-ch Seniors op 03rd"]
[Site "Bad Sooden-Allendorf"]
[Date "2007.05.02"]
[Round "5"]
[White "Nietsch, Horst"]
[Black "Stimpel, Franz"]
[Result "0-1"]
[WhiteElo "1875"]
[BlackElo "2126"]
[PlyCount "120"]
[EventDate "2007.04.27"]
[EventType "swiss"]
[EventRounds "9"]
[EventCountry "GER"]
[SourceTitle "EXT 2022"]
[Source "ChessBase"]
[SourceDate "2021.10.06"]
[SourceVersion "1"]
[SourceVersionDate "2021.10.06"]
[SourceQuality "1"]

1. e4 e6 2. Qe2 Nf6 3. Nf3 d5 4. d3 dxe4 5. dxe4 b6 6. e5 Ba6 7. c4 Nfd7 8. Bg5 Be7 9. Bxe7 Qxe7 10. Nc3 Bb7 11. 0-0-0 0-0 12. h4 Nc6 13. Qe3 Nc5 14. Be2 Rfd8 15. Rxd8+ Rxd8 16. Rd1 Rxd1+ 17. Bxd1 Qd8 18. Bc2 Nb4 19. g3 Nxc2 20. Kxc2 Qd7 21. Nd2 h6 22. g4 Qc6 23. f3 a6 24. h5 Qd7 25. b3 Qe7 26. Nce4 Nxe4 27. Nxe4 Qh4 28. Kb2 Qh2+ 29. Nf2 Qg3 30. Ka3 Qxf3 31. Qd2 Qc6 32. Qd8+ Kh7 33. Qd3+ g6 34. hxg6+ fxg6 35. Qd8 Qc5+ 36. b4 Qxf2 37. Qxc7+ Kg8 38. Qxb7 Qe3+ 39. Ka4 Qxe5 40. Qxb6 h5 41. gxh5 gxh5 42. Qd8+ Kf7 43. c5 Qd5 44. Qc7+ Ke8 45. Qh2 Kd7 46. Qe2 h4 47. a3 h3 48. Qh2 Qc6+ 49. Kb3 Qf3+ 50. Ka4 Qd1+ 51. Ka5 Qd3 52. Ka4 Kc8 53. Qf2 Kc7 54. Qf7+ Qd7+ 55. Qxd7+ Kxd7 56. Ka5 h2 57. Kxa6 h1Q 58. b5 Qa8+ 59. Kb6 Qxa3 60. c6+ Kc8 0-1

[Event "Hessen-ch Seniors op 03rd"]
[Site "Bad Sooden-Allendorf"]
[Date "2007.04.28"]
[Round "1"]
[White "Herzel, Alois"]
[Black "Stimpel, Franz"]
[Result "1/2-1/2"]
[WhiteElo "1705"]
[BlackElo "2126"]
[PlyCount "69"]
[EventDate "2007.04.27"]
[EventType "swiss"]
[EventRounds "9"]
[EventCountry "GER"]
[SourceTitle "EXT 2022"]
[Source "ChessBase"]
[SourceDate "2021.10.06"]
[SourceVersion "1"]
[SourceVersionDate "2021.10.06"]
[SourceQuality "1"]

1. d4 Nf6 2. c4 d6 3. Nc3 Nbd7 4. e4 e5 5. d5 Be7 6. Be3 0-0 7. f3 Ne8 8. Bd3 Bg5 9. Qd2 h6 10. Nge2 Nc5 11. Bc2 a5 12. b3 f5 13. exf5 Bxf5 14. Bxf5 Rxf5 15. Bxg5 Qxg5 16. Qxg5 Rxg5 17. 0-0 Nf6 18. Rad1 Re8 19. Ng3 h5 20. Nge4 Nfxe4 21. Nxe4 Nxe4 22. fxe4 Rg4 23. Rde1 h4 24. h3 Rg3 25. Rf3 Rxf3 26. gxf3 Kh7 27. Kf2 Kh6 28. Rg1 g6 29. Ke3 Ra8 30. a3 Ra6 31. Kd3 c5 32. a4 Ra8 33. Ke3 Kh5 34. Rg2 Rf8 35. Rg1 1/2-1/2

[Event "EU-chT Seniors 09th"]
[Site "Dresden"]
[Date "2007.02.17"]
[Round "2"]
[White "Siegmund, Rainer"]
[Black "Stimpel, Franz"]
[Result "1/2-1/2"]
[WhiteElo "2218"]
[BlackElo "2277"]
[PlyCount "68"]
[EventDate "2007.02.16"]
[EventType "team-swiss"]
[EventRounds "9"]
[EventCountry "GER"]
[SourceTitle "CBM 117 Extra"]
[Source "ChessBase"]
[SourceDate "2007.05.09"]
[SourceVersion "1"]
[SourceVersionDate "2007.05.09"]
[SourceQuality "1"]

1. d4 Nf6 2. c4 d6 3. Nf3 Nbd7 4. Nc3 e5 5. e4 g6 6. Be2 Bg7 7. 0-0 0-0 8. Re1 c6 9. Bf1 exd4 10. Nxd4 Ng4 11. Qxg4 Bxd4 12. Qd1 Qf6 13. Be3 Bxe3 14. Rxe3 Ne5 15. Qd2 Be6 16. b3 Rad8 17. Rd1 a6 18. Be2 b5 19. cxb5 axb5 20. Rf1 b4 21. Na4 c5 22. f4 Nc6 23. f5 gxf5 24. exf5 Bd7 25. Nb6 Qd4 26. Qxd4 Nxd4 27. Nd5 Nxe2+ 28. Rxe2 Bb5 29. Rfe1 Bxe2 30. Rxe2 f6 31. Kf2 Rd7 32. Kf3 Ra7 33. Kf4 Kg7 34. g4 Rff7 1/2-1/2

[Event "Oberliga Ost-B 0607"]
[Site "Germany"]
[Date "2006.12.10"]
[Round "4.8"]
[White "Kopp, Peter"]
[Black "Stimpel, Franz"]
[Result "0-1"]
[WhiteElo "2135"]
[BlackElo "2292"]
[PlyCount "98"]
[EventDate "2006.10.15"]
[EventType "team-tourn"]
[EventRounds "11"]
[EventCountry "GER"]
[SourceTitle "EXT 2008"]
[Source "ChessBase"]
[SourceDate "2007.11.25"]
[SourceVersion "1"]
[SourceVersionDate "2007.11.25"]
[SourceQuality "1"]
[WhiteTeam "Hofheim II"]
[BlackTeam "Wiesbaden"]
[WhiteTeamCountry "GER"]
[BlackTeamCountry "GER"]

1. e4 e6 2. d3 d5 3. Nd2 Nf6 4. Ngf3 c5 5. g3 g6 6. Bg2 Bg7 7. 0-0 0-0 8. c3 Nc6 9. Re1 Kh8 10. e5 Nd7 11. d4 b5 12. Nb3 cxd4 13. Nbxd4 Ncxe5 14. Nxb5 Ba6 15. a4 Nxf3+ 16. Bxf3 Ne5 17. Bg2 Bb7 18. Bf4 a6 19. Bxe5 Bxe5 20. Nd4 Bg7 21. Bf3 Rb8 22. a5 Ba8 23. Ra2 e5 24. Nc2 Rb5 25. b4 Rb8 26. Be2 Qc8 27. Qd3 e4 28. Qxa6 Qxc3 29. Rb1 d4 30. Bf1 d3 31. Ne3 Rxb4 32. Rxb4 Qxb4 33. Qb6 Qxb6 34. axb6 Bd4 35. Nc4 Bd5 36. Ra4 f5 37. b7 Kg8 38. Nd6 Bc5 39. Ra5 Bxd6 40. Rxd5 Bb8 41. Kg2 Kg7 42. f3 Rf7 43. fxe4 fxe4 44. Rd4 Re7 45. Bxd3 exd3 46. Rxd3 Rxb7 47. h4 h5 48. Rf3 Rb4 49. Kh2 Rxh4+ 0-1

[Event "GER-ch Seniors 18th"]
[Site "Dresden"]
[Date "2006.07.24"]
[Round "3"]
[White "Lukovski, Lev"]
[Black "Stimpel, Franz"]
[Result "1/2-1/2"]
[WhiteElo "2039"]
[BlackElo "2292"]
[PlyCount "43"]
[EventDate "2006.07.22"]
[EventType "swiss"]
[EventRounds "9"]
[EventCountry "GER"]
[SourceTitle "CBM 113 Extra"]
[Source "ChessBase"]
[SourceDate "2006.09.14"]
[SourceVersion "1"]
[SourceVersionDate "2006.09.14"]
[SourceQuality "1"]

1. d4 e6 2. e4 d5 3. exd5 exd5 4. Bd3 Nc6 5. Ne2 Bd6 6. c3 Nge7 7. Bf4 Bf5 8. Bxf5 Nxf5 9. Qd3 Nce7 10. 0-0 0-0 11. Nd2 Bxf4 12. Nxf4 Qd6 13. g3 g5 14. Ng2 Qg6 15. Rae1 Rfe8 16. Nf3 f6 17. Re2 Kf8 18. Qb1 Nd6 19. Nd2 Nef5 20. Rfe1 Rxe2 21. Rxe2 Re8 22. Qe1 1/2-1/2

[Event "GER-ch Seniors 18th"]
[Site "Dresden"]
[Date "2006.07.22"]
[Round "1"]
[White "Ehlert, Joachim"]
[Black "Stimpel, Franz"]
[Result "1-0"]
[WhiteElo "2028"]
[BlackElo "2292"]
[PlyCount "73"]
[EventDate "2006.07.22"]
[EventType "swiss"]
[EventRounds "9"]
[EventCountry "GER"]
[SourceTitle "CBM 113 Extra"]
[Source "ChessBase"]
[SourceDate "2006.09.14"]
[SourceVersion "1"]
[SourceVersionDate "2006.09.14"]
[SourceQuality "1"]

1. e4 e6 2. d4 d5 3. Nd2 Be7 4. Bd3 c5 5. dxc5 Nf6 6. exd5 Qxd5 7. Ngf3 Nbd7 8. 0-0 Nxc5 9. Bc4 Qd8 10. Qe2 0-0 11. Rd1 Qc7 12. b3 b6 13. Bb2 Bb7 14. Be5 Qc8 15. h3 Nd5 16. Re1 Nb4 17. Nd4 Nc6 18. Nxc6 Qxc6 19. Qg4 g6 20. Bb2 Rad8 21. Nf3 f5 22. Qf4 Bf6 23. Bxf6 Rxf6 24. Qg5 Kg7 25. Ne5 Qc7 26. f3 f4 27. Ng4 Rf5 28. Qh6+ Kh8 29. Qh4 Re8 30. Rad1 Qg7 31. b4 Qc3 32. Bb5 Ref8 33. bxc5 Qxc5+ 34. Qf2 Qxb5 35. Qd4+ e5 36. Nxe5 Kg8 37. Ng4 1-0

[Event "Hessen-ch Seniors op 02nd"]
[Site "Bad Sooden-Allendorf"]
[Date "2006.05.03"]
[Round "9"]
[White "Rapoport, Vladimir"]
[Black "Stimpel, Franz"]
[Result "1/2-1/2"]
[WhiteElo "2185"]
[BlackElo "2162"]
[PlyCount "37"]
[EventDate "2006.04.25"]
[EventType "swiss"]
[EventRounds "9"]
[EventCountry "GER"]
[SourceTitle "EXT 2007"]
[Source "ChessBase"]
[SourceDate "2006.11.23"]
[SourceVersion "1"]
[SourceVersionDate "2006.11.23"]
[SourceQuality "1"]

1. Nf3 Nf6 2. g3 g6 3. Bg2 Bg7 4. 0-0 0-0 5. d3 d5 6. Nbd2 Nc6 7. Re1 e5 8. e4 Re8 9. a4 dxe4 10. dxe4 a5 11. c3 b6 12. Bf1 Ba6 13. Bxa6 Rxa6 14. Qb3 Ra8 15. Nc4 h6 16. Ne3 Qd3 17. Qc4 Qxc4 18. Nxc4 Rad8 19. Be3 1/2-1/2